La ragazza dagli occhi d'oro /
Gardado en:
| Autor Principal: | |
|---|---|
| Outros autores: | |
| Formato: | Libro |
| Idioma: | Lingua italiana |
| Publicado: |
Milano :
Garzanti,
1969
|
| Series: | Garzanti per tutti ;
171 |
| Tags: |
Sen Etiquetas, Sexa o primeiro en etiquetar este rexistro!
|
MARC
| LEADER | 00000nam a22000007i 4500 | ||
|---|---|---|---|
| 001 | IT\ICCU\SBL\0107725 | ||
| 003 | ItRI | ||
| 005 | 20260222120307.0 | ||
| 008 | 910930s1969 it |||||| ||||| |||||c | ||
| 015 | |2 IT |a 692265 | ||
| 040 | |b ita |c ct | ||
| 041 | 7 | |a ita |2 ISO-639-2 | |
| 082 | |a 843.7 |2 16 | ||
| 082 | |a 843.7 |2 17 | ||
| 100 | 1 | |a Balzac, Honoré : de |0 IT\ICCU\CFIV\000620 |4 aut | |
| 240 | 1 | 3 | |a La fille aux yeux d'or |9 Balzac, Honoré : de |
| 245 | 1 | 3 | |a La ragazza dagli occhi d'oro / |c Balzac ; versione di Attilio Bertolucci. |
| 260 | |a Milano : |b Garzanti, |c 1969 | ||
| 300 | |a 126 p. ; |c 18 cm. | ||
| 700 | 1 | |a Bertolucci, Attilio |0 IT\ICCU\CFIV\032615 |4 trl | |
| 830 | 0 | |a Garzanti per tutti ; |v 171 |0 IT\ICCU\RAV\0074214 | |
| 942 | |2 ddc |c BK | ||
| 952 | |0 0 |1 0 |2 ddc |4 0 |6 B_LNR02BALHORAG11 |7 0 |9 8457 |a MI |b MI |d 1989-03-02 |i 1576 |l 0 |o B-LNR02-BALHO-RAG11 |p CDOM1576 |r 2025-07-17 21:50:27 |w 2025-07-17 |x DONO |y BK | ||
| 952 | |0 0 |1 0 |4 0 |6 DOC_843_700000000000000_BAL |7 0 |9 23777 |a BO |b BO |d 2026-01-15 |i 785 |l 0 |o DOC 843.7 BAL |p BO785 |r 2026-01-15 23:23:10 |w 2026-01-15 |x [Sebina 5] [1 v.] |y BK |z 1 v. | ||
| 999 | |c 7041 |d 7041 | ||